=LDR 00000nam 2200000 4500 =001 NUTBA000000000001181 =005 20140630153136.0 =006 =007 =008 =020 ##$$a 979-25-4473-9 =035 ##$$0010-041400000000451 =040 ##$$a Ind =082 ##$$a 613.042 3 =090 ##$$a 613.042 3$bFer m =100 ##$$a Ferdinand zaviera =245 ##$$a Mengenali dan memahami tumbuh kembang anak$cFerdinand zaviera =250 ##$$a Cet.2 =260 ##$$a Jgjakarta$bKatahati$c2012. =300 ##$$a 217 HLm$c 21 cm. =850 ##$$a NBPNMAT =990 ##$$a 21306233 =990 ##$$a 93955/BPAP-NTB/2014 =990 ##$$a 21400613/BPAP-NTB/20142014 =990 ##$$a 0001/BPAP-NTB/20142014 =990 ##$$a 0001/BPAP-NTB/2016